| 000 | 00959nam a22003017a 4500 | ||
|---|---|---|---|
| 003 | CHAP | ||
| 005 | 20220329133850.0 | ||
| 008 | 971013s1966 r 00010 d | ||
| 010 | _a11979 | ||
| 011 | _a12951 | ||
| 035 | _a17021 | ||
| 040 | _cCHAP | ||
| 090 | _aTesis | ||
| 100 | 0 | 0 |
_aGaviño de la Torre, Gonzalo. _947321 |
| 245 | _aNidificación y crianza de la garcita verduzca (Butorides virescens) en San Blas | ||
| 260 |
_aMéxico, D.F. : _bEl autor, _c1966 |
||
| 300 |
_a120 p. _b: ilus ; láms. |
||
| 502 | _aTesis (Biólogo) -- UNAM. Facultad de Ciencias | ||
| 590 |
_aALEPH _b10 _c20130110 _lUCH01 _h1230 |
||
| 590 |
_aBATCH-UPD _b10 _c20130110 _lUCH01 _h2159 |
||
| 590 |
_aBATCH-UPD _b10 _c20130410 _lUCH01 _h1507 |
||
| 590 |
_aBATCH-UPD _b10 _c20130914 _lUCH01 _h0759 |
||
| 590 |
_aCONVERSION _b10 _c20130109 _lUCH01 _h1308 |
||
| 650 | 1 | 4 |
_aButorides virescens. _916446 |
| 901 | _aBK | ||
| 942 | _cTESIS | ||
| 949 |
_bBC _cTES _d-40517 _eTS1 _i17021 _si |
||
| 999 |
_c11979 _d11979 |
||